| 000 | 00697nam a2200217Ia 4500 | ||
|---|---|---|---|
| 003 | GCL | ||
| 008 | 140319s9999 xx 000 0 ara d | ||
| 040 |
_aGCL / _cGCL |
||
| 082 | 0 | 4 |
_a796 _bن م |
| 100 | 1 | _aنبيل كامل احمد | |
| 245 | 1 | 0 |
_aالمنهج فى التربية الرياضية والاسعاف / _cنبيل كامل احمد |
| 260 |
_a[S.N] : _bمكتبة المنار ، _c1986 |
||
| 300 | _a80 ص | ||
| 490 | _a | ||
| 650 | 0 | 4 | _aالاسعافات الاولية |
| 650 | 0 | 4 | _aالجوانب الاخلاقية |
| 650 | 0 | 4 | _aاصابات الملاعب |
| 650 | 0 | 4 | _aالالعاب الرياضية |
| 650 | 0 | 4 | _aالتربية البدنية |
| 942 |
_2ddc _cBK |
||
| 999 |
_c54489 _d54489 |
||